00411nam a22001337a 4500008004100000040005500041080002800096245004000124260004600164300001200210650001300222653001600235700002600251230531b |||||||| |||| 00| 0 eng d aNational Science LibrarycNational Science Library aR 615.1(058.7)(540)bK4 aIndian pharmaceutical guide 1964b  aNew Delhi: bPamposh Publications, c1963 a1300p.  aBiology  aAntibiotic  aBazaz, Mohan C (Ed.)